01075nam a2200205 a 450000100060000000300090000600800410001502000150005604000280007108200160009910000480011524501070016326000380027030000090030850504500031765000240076765000220079165000220081365000340083520728CO-ViMGA141112s2004 ck r 000 u spa d a8448106849 aCO-ViMGAbspacCO-ViMGA04a621.7 H857i1 aHunt, David Quintana de la Pedraja, María10aIngeniería de diseño medioambiental. Sistemas de gestión medioambiental, principios y práctica aBogotá : bMc Graw Hill, c1999 a318p aHistoria de la preocupación por el medio ambiente 9 - - Visión general de la normativa medioambiental 29 - - Desarrollo de las auditorías medioambientales y otras prácticas de gestión medioambiental 79 - - Concepto de sistema de gestión de calidad 87 - - La aproximaación sistemica a la gestión medioambiental 97 - - Desarrollo y aplicación de un sistema de gestión medioambiental 113 - - Desarrollos actuales y futuros 277 14aAUDITORIA AMBIENTAL14aCONTROL AMBIENTAL14aGESTION AMBIENTAL14aPROTECCION DEL MEDIO AMBIENTE